00742 2200253 4500001002100000005001700021008004100038020001800079035002400097082000800121090001900129100002300148245012400171250001100295260003700306300002900343500002600372650001900398700002300417700001500440850001200455985000600467999001500473YOGYA-0209000004938920090227032223.0 ind  a979-514-586-X 0010-020900000049389 a420 a420bPur ElQT aPURNOMO, Prawoto S aEnglish for technology and vocational educationcPrawoto S. Purnomo ; editor, Chaedar Alwasilah ; ilustrasi, A. Rochman aCet. 1 aBandungbRemaja Rosdakaryac1996 avii, 64 hlmbilusc28 cm aBibliografi : hlm. 64 aBahasa Inggris aAlwasilah, Khaedar aRokhman, A aYOPDYOG a1 a00B0001553